Peinture par lettre - G - Statistiques

Statistiques générales
  • Ce quiz a été pris 136 fois
  • Le résultat moyen est 14 sur 20
Statistiques - réponses
Indices Réponses % Correct
Objet permettant d'effacer des dessins gomme
98%
Celles de Lascaux et de Chauvet sont ornées d'art pariétal grottes
98%
Célèbre peinture de Picasso représentant le bombardement d'une commune lors de la guerre d'Espagne Guernica
98%
Peinture à l'eau couvrante et opaque gouache
89%
Inscription ou dessin exécuté de manière généralement illicite dans l'espace public graffiti
89%
Art précédé par l'art roman et suivi par l'art de la Renaissance art {gothique}
87%
Lieu spécialement aménagé pour mettre en valeur et montrer des œuvres à un public dans le cadre d'expositions galerie d'art
83%
Branche des mathématiques permettant la réalisation de la perspective en peinture géométrie
82%
Artiste espagnol initiateur du romantisme ayant peint Saturne dévorant un de ses fils et Tres de Mayo Francisco de Goya
77%
Peintre postimpressionniste français amoureux de la Polynésie Paul Gauguin
77%
Artiste français romantique ayant peint Le Radeau de la Méduse Théodore Géricault
74%
Commune française de l'Eure ayant accueilli maison et jardins de Claude Monet Giverny
68%
État de surface ou rugosité d'un papier grain
60%
Art cousin de la peinture obtenu via incision gravure
57%
Peintre né en Crète et mort en Espagne, il a réalisé Vue de Tolède et L'Enterrement du comte d'Orgaz le {Greco}
53%
Danseuse de cancan française au Moulin-Rouge étant l'un des sujets favoris de Toulouse-Lautrec La {Goulue}
46%
L'une des deux peintures les plus célèbres de Millet Des {Glaneuses}
44%
En peinture, représentation d'une scène à caractère anecdotique ou familier scène de {genre}
39%
Peintre féminine italienne la plus célèbre, elle est l'un des premiers peintres baroques et a réalisé Judith décapitant Holopherne Artemisia Gentileschi
22%
Discipline qui consiste à créer, choisir et utiliser des éléments artistiques pour élaborer un objet de communication et/ou de culture graphisme
19%
Aucun quiz correspondant
Distribution des résultats
% des personnes avec chaque résultat
Percentile par nombre de réponses
Votre historique - résultats
Vous n’avez pas pris ce quiz